[Event "Amazonas-ch U20 sf"]
[Site "Manaus"]
[Date "2015.03.15"]
[Round "4.2"]
[White "Silva, Miguel Zadorosny"]
[Black "Farias, Igor Borge Cardoso"]
[Result "0-1"]
[WhiteElo "1624"]
[BlackElo "1855"]
[PlyCount "104"]
[EventDate "2015.03.14"]
[EventType "swiss"]
[EventRounds "6"]
[EventCountry "BRA"]
[SourceTitle "EXT 2022"]
[Source "ChessBase"]
[SourceDate "2021.10.06"]
[SourceVersion "1"]
[SourceVersionDate "2021.10.06"]
[SourceQuality "1"]

1. d4 Nf6 2. Bf4 g6 3. e3 Bg7 4. Nf3 0-0 5. Be2 c5 6. c3 cxd4 7. exd4 d5 8. h3 Nc6 9. 0-0 a6 10. a4 Bf5 11. Nbd2 Ne4 12. Nxe4 Bxe4 13. Qd2 Na5 14. Qd1 Rc8 15. Ne5 Nc4 16. Nxc4 dxc4 17. a5 Bd5 18. Ra4 e6 19. Qc2 Qf6 20. Qd2 Qe7 21. Rb4 Rfe8 22. Bg5 Bf6 23. Bxf6 Qxf6 24. f4 Qe7 25. Bd1 Qc7 26. Ba4 Red8 27. Rb6 Rd6 28. Rxd6 Qxd6 29. Qe2 Qc7 30. Qe5 Qxa5 31. Bc2 Qc7 32. Ra1 Qxe5 33. fxe5 Rc6 34. Ra4 Rb6 35. Rb4 Rxb4 36. cxb4 Kf8 37. Kf2 Ke7 38. Ba4 b5 39. Bc2 Kd7 40. g4 Kc6 41. h4 Kb6 42. h5 a5 43. bxa5+ Kxa5 44. hxg6 hxg6 45. g5 Kb4 46. Ke3 c3 47. bxc3+ Kxc3 48. Bd3 Bc4 49. Be4 b4 50. Bc6 b3 51. Be8 b2 52. Bxf7 b1Q 0-1

[Event "Manaus Carnaval op"]
[Site "Manaus"]
[Date "2015.02.16"]
[Round "4"]
[White "Franca, Carlos Alberto Rodr"]
[Black "Silva, Miguel Zadorosny"]
[Result "1/2-1/2"]
[WhiteElo "1904"]
[BlackElo "1624"]
[PlyCount "53"]
[EventDate "2015.02.14"]
[EventType "swiss"]
[EventRounds "6"]
[EventCountry "BRA"]
[SourceTitle "CBM 165 Extra"]
[Source "ChessBase"]
[SourceDate "2015.04.21"]
[SourceVersion "1"]
[SourceVersionDate "2015.04.21"]
[SourceQuality "1"]

1. d4 Nf6 2. c4 g6 3. Nf3 Bg7 4. e3 d6 5. Be2 0-0 6. 0-0 Nbd7 7. Nc3 e5 8. dxe5 dxe5 9. e4 b6 10. Bg5 Bb7 11. Nd5 h6 12. Nxf6+ Nxf6 13. Bxf6 Bxf6 14. Qc2 c5 15. Rad1 Qe7 16. Rd2 Rad8 17. Rfd1 Bc6 18. b3 Rxd2 19. Rxd2 Rd8 20. Kf1 Kg7 21. Rxd8 Qxd8 22. Bd3 Qe7 23. g3 h5 24. h4 Kg8 25. Qe2 Bg7 26. Nd2 Bh6 27. Nf3 1/2-1/2

[Event "Amazonas-ch final"]
[Site "Manaus"]
[Date "2014.08.24"]
[Round "4"]
[White "De Oliveira, Victor Gabriel C"]
[Black "Silva, Miguel Zadorosny"]
[Result "1-0"]
[WhiteElo "2032"]
[BlackElo "1742"]
[PlyCount "79"]
[EventDate "2014.08.16"]
[EventType "swiss"]
[EventRounds "9"]
[EventCountry "BRA"]
[SourceTitle "EXT 2018"]
[Source "ChessBase"]
[SourceDate "2017.10.13"]
[SourceVersion "1"]
[SourceVersionDate "2017.10.13"]
[SourceQuality "1"]

1. e4 c5 2. Nf3 e6 3. d4 cxd4 4. Nxd4 a6 5. c4 Qc7 6. Nc3 Nf6 7. a3 Bc5 8. Nc2 Nc6 9. Be2 0-0 10. 0-0 b6 11. b4 Be7 12. Bb2 Bb7 13. f4 d6 14. Ne3 Rac8 15. Rc1 Rfd8 16. g4 h6 17. Bd3 Na7 18. Qf3 Nh7 19. Qg3 f6 20. h4 Rf8 21. Ne2 Nc6 22. Nc2 e5 23. Ne3 Qd7 24. Nd5 Bd8 25. c5 Ne7 26. Rfd1 bxc5 27. bxc5 Rxc5 28. Rxc5 dxc5 29. Nxf6+ Nxf6 30. Bc4+ Ned5 31. exd5 Qxg4 32. Bxe5 Qxg3+ 33. Nxg3 Nd7 34. Ne4 Re8 35. Nd6 Nxe5 36. fxe5 Rxe5 37. Nxb7 Bxh4 38. d6+ Kf8 39. d7 Re3 40. Rf1+ 1-0

[Event "Manaus Amazonas-ch"]
[Site "Manaus"]
[Date "2014.07.27"]
[Round "5"]
[White "Silva, Miguel Zadorosny"]
[Black "Silveira, Lorensen Willer Soa"]
[Result "1-0"]
[WhiteElo "1688"]
[BlackElo "1582"]
[PlyCount "95"]
[EventDate "2014.07.19"]
[EventType "swiss"]
[EventRounds "6"]
[EventCountry "BRA"]
[SourceTitle "CBM 161 Extra"]
[Source "ChessBase"]
[SourceDate "2014.08.29"]
[SourceVersion "1"]
[SourceVersionDate "2014.08.29"]
[SourceQuality "1"]

1. d4 d5 2. Bf4 Bf5 3. e3 Nc6 4. Nf3 Nb4 5. Bd3 Nxd3+ 6. cxd3 Nf6 7. h3 h6 8. 0-0 e6 9. Nc3 a6 10. Re1 Bb4 11. a3 Ba5 12. b4 Bb6 13. Na4 c6 14. Nc5 Ra7 15. e4 dxe4 16. dxe4 Bh7 17. Be5 0-0 18. Nd2 Bxc5 19. dxc5 Qe7 20. Qe2 Raa8 21. Rad1 Nd7 22. Bh2 Qg5 23. Bd6 Rfe8 24. Nc4 f5 25. exf5 Bxf5 26. Qe3 Qg6 27. Qg3 Qxg3 28. Bxg3 Nf6 29. Nd6 Rf8 30. Nxb7 Ne4 31. Bf4 Nc3 32. Rd6 Be4 33. Be5 Nb5 34. Rxe6 Bd5 35. Re7 Rf7 36. Bb2 Ra7 37. Rxf7 Bxf7 38. Nd6 Bd5 39. Nf5 Rf7 40. Ne7+ Kf8 41. Nxd5 cxd5 42. Rd1 Rd7 43. a4 Nc7 44. Be5 Ne6 45. Bd6+ Kg8 46. Rxd5 Nf4 47. Rf5 Ng6 48. b5 1-0

[Event "Amazonense-ch sf 2"]
[Site "Manaus"]
[Date "2014.03.22"]
[Round "3.11"]
[White "Silva, Leandro da Nobrega"]
[Black "Silva, Miguel Zadorosny"]
[Result "0-1"]
[WhiteElo "1711"]
[BlackElo "1688"]
[PlyCount "76"]
[EventDate "2014.03.15"]
[EventType "swiss"]
[EventRounds "5"]
[EventCountry "BRA"]
[SourceTitle "EXT 2022"]
[Source "ChessBase"]
[SourceDate "2021.10.06"]
[SourceVersion "1"]
[SourceVersionDate "2021.10.06"]
[SourceQuality "1"]

1. e4 e5 2. Nf3 Nc6 3. Bc4 Bc5 4. Nc3 Nf6 5. d3 d6 6. Bg5 h6 7. Bxf6 Qxf6 8. Nd5 Qd8 9. c3 0-0 10. 0-0 Be6 11. Ne3 Qd7 12. d4 Bxc4 13. Nxc4 exd4 14. cxd4 Bb6 15. Ne3 Rae8 16. d5 Ne5 17. Nxe5 Rxe5 18. Qf3 Rfe8 19. Rfe1 Rxe4 20. Nc2 Rxe1+ 21. Nxe1 Qe7 22. g3 Qe2 23. Kg2 Qxb2 24. Rd1 Qxa2 25. Nd3 Qe2 26. Re1 Qxf3+ 27. Kxf3 Rxe1 28. Nxe1 a5 29. Nd3 c6 30. Ke4 a4 31. Nb4 a3 32. Kd3 cxd5 33. Kc2 Bxf2 34. Nxd5 Bc5 35. Kb3 Kf8 36. Nc3 f5 37. h3 g5 38. Nd5 Kf7 0-1

[Event "Amazonas zt"]
[Site "Manaus"]
[Date "2013.06.23"]
[Round "6"]
[White "Dos Santos, Jardel Farias"]
[Black "Silva, Miguel Zadorosny"]
[Result "1-0"]
[WhiteElo "1800"]
[BlackElo "1781"]
[PlyCount "47"]
[EventDate "2013.06.09"]
[EventType "swiss"]
[EventRounds "6"]
[EventCountry "BRA"]
[SourceTitle "EXT 2014"]
[Source "ChessBase"]
[SourceDate "2013.11.20"]
[SourceVersion "1"]
[SourceVersionDate "2013.11.20"]
[SourceQuality "1"]

1. e4 e5 2. Nf3 Nc6 3. Bb5 a6 4. Ba4 Nf6 5. 0-0 Be7 6. Re1 b5 7. Bb3 0-0 8. c3 d6 9. h3 a5 10. a4 b4 11. d4 exd4 12. cxd4 Qd7 13. d5 Nb8 14. Bg5 c5 15. Nbd2 h6 16. Bf4 Ba6 17. Nc4 Qc7 18. Qd2 Bxc4 19. Bxc4 Nh5 20. Bxh6 gxh6 21. Qxh6 Ng7 22. e5 Rd8 23. Bd3 Kf8 24. Qh8# 1-0

[Event "Amazonas zt"]
[Site "Manaus"]
[Date "2013.06.15"]
[Round "2"]
[White "Reis, Renan do Carmo"]
[Black "Silva, Miguel Zadorosny"]
[Result "1-0"]
[WhiteElo "2266"]
[BlackElo "1781"]
[PlyCount "51"]
[EventDate "2013.06.09"]
[EventType "swiss"]
[EventRounds "6"]
[EventCountry "BRA"]
[SourceTitle "EXT 2014"]
[Source "ChessBase"]
[SourceDate "2013.11.20"]
[SourceVersion "1"]
[SourceVersionDate "2013.11.20"]
[SourceQuality "1"]

1. e4 e5 2. Nf3 Nc6 3. Bb5 a6 4. Ba4 Nf6 5. 0-0 b5 6. Bb3 d6 7. Ng5 Bg4 8. Bxf7+ Ke7 9. f3 Bd7 10. Bb3 Qb8 11. Nc3 g6 12. f4 Qb6+ 13. Kh1 Bg7 14. fxe5 dxe5 15. Rxf6 Bxf6 16. Nd5+ Kd8 17. Nf7+ Ke8 18. Nxf6+ Ke7 19. Nd5+ Kxf7 20. Nxb6+ Ke7 21. Nxa8 Rxa8 22. d4 Nxd4 23. Bg5+ Ke8 24. Qf1 Nxb3 25. Qf6 Nxa1 26. Qe7# 1-0

[Event "FENAJ-ch U16"]
[Site "Brazil"]
[Date "2013.06.02"]
[Round "6"]
[White "Silva, Miguel Zadorosny"]
[Black "Silva, Leandro da Nobrega"]
[Result "1-0"]
[WhiteElo "1781"]
[BlackElo "1776"]
[PlyCount "53"]
[EventDate "2013.05.30"]
[EventType "swiss"]
[EventRounds "6"]
[EventCountry "BRA"]
[SourceTitle "EXT 2015"]
[Source "ChessBase"]
[SourceDate "2014.11.20"]
[SourceVersion "1"]
[SourceVersionDate "2014.11.20"]
[SourceQuality "1"]

1. e4 e5 2. Nf3 Nc6 3. Bb5 a6 4. Bxc6 bxc6 5. Nxe5 Qe7 6. Nf3 g6 7. Nc3 Bg7 8. d4 d6 9. h3 Bb7 10. Qe2 0-0-0 11. Bg5 Bf6 12. Bxf6 Qxf6 13. e5 dxe5 14. dxe5 Qe7 15. 0-0 Nh6 16. Qe3 Nf5 17. Qa7 c5 18. Na4 Bc6 19. Nxc5 Rd5 20. b4 Rxc5 21. bxc5 Nh4 22. Nxh4 Qxh4 23. Rfd1 Rd8 24. Qxa6+ Kb8 25. Rab1+ Qb4 26. Rxb4+ Bb7 27. Qxb7# 1-0

[Event "Manaus zt 2.4"]
[Site "Manaus"]
[Date "2013.05.01"]
[Round "7"]
[White "Boabaid, Jorge Alberto Duard"]
[Black "Silva, Miguel Zadorosny"]
[Result "1-0"]
[WhiteElo "1866"]
[BlackElo "1781"]
[PlyCount "93"]
[EventDate "2013.04.27"]
[EventType "swiss"]
[EventRounds "9"]
[EventCountry "BRA"]
[SourceTitle "CBM 154 Extra"]
[Source "ChessBase"]
[SourceDate "2013.06.25"]
[SourceVersion "2"]
[SourceVersionDate "2013.06.25"]
[SourceQuality "1"]

1. e4 e5 2. Nf3 Nc6 3. Bb5 a6 4. Ba4 b5 5. Bb3 Nf6 6. 0-0 Be7 7. Re1 0-0 8. a4 bxa4 9. Rxa4 d6 10. c3 Bd7 11. Ra1 a5 12. h3 h6 13. d4 exd4 14. cxd4 Bc8 15. Nc3 Nb4 16. Be3 Bb7 17. d5 c5 18. dxc6 Bxc6 19. Bf4 Nh5 20. Bh2 Qd7 21. Nd4 Bb7 22. Qxh5 Nd3 23. Re2 Bf6 24. Ba4 Qc8 25. Ndb5 Rd8 26. Rd2 Nc5 27. Nxd6 Qc7 28. Ncb5 Qe7 29. Qxc5 Bxe4 30. Nxe4 Qxe4 31. Rxd8+ Rxd8 32. Nd6 Qa8 33. Bc6 Qa6 34. Qxa5 Qxa5 35. Rxa5 Bxb2 36. Rd5 Rf8 37. g4 g5 38. Be5 Bxe5 39. Rxe5 f6 40. Bd5+ Kh8 41. Re7 Rd8 42. Nf7+ Kg8 43. Nxh6+ Kf8 44. Rf7+ Ke8 45. Bc6+ Rd7 46. Rxd7 Kf8 47. Rf7# 1-0

[Event "Manaus zt 2.4"]
[Site "Manaus"]
[Date "2013.05.01"]
[Round "6"]
[White "Silva, Miguel Zadorosny"]
[Black "Dos Santos, Jessica Souza"]
[Result "1-0"]
[WhiteElo "1781"]
[BlackElo "1814"]
[PlyCount "75"]
[EventDate "2013.04.27"]
[EventType "swiss"]
[EventRounds "9"]
[EventCountry "BRA"]
[SourceTitle "CBM 154 Extra"]
[Source "ChessBase"]
[SourceDate "2013.06.25"]
[SourceVersion "2"]
[SourceVersionDate "2013.06.25"]
[SourceQuality "1"]

1. e4 e5 2. Nf3 Nc6 3. Bc4 Nf6 4. Ng5 d5 5. exd5 Nxd5 6. Bxd5 Qxd5 7. 0-0 Be7 8. Nf3 Bg4 9. Nc3 Qd7 10. d3 Bxf3 11. Qxf3 Nd4 12. Qd5 Qxd5 13. Nxd5 Bd6 14. c4 0-0 15. Be3 c6 16. Bxd4 cxd5 17. Be3 dxc4 18. dxc4 b6 19. Rfd1 Rfd8 20. g3 Bc5 21. Bxc5 bxc5 22. Rxd8+ Rxd8 23. Re1 f6 24. b3 Rd2 25. a4 Rb2 26. Re3 Kf7 27. f4 exf4 28. gxf4 a5 29. f5 g6 30. fxg6+ hxg6 31. h3 g5 32. Kf1 f5 33. Re5 Rxb3 34. Rxf5+ Ke6 35. Rxc5 Kf6 36. Kg2 Rb4 37. Rxa5 Rxc4 38. Ra8 1-0

[Event "Manaus zt 2.4"]
[Site "Manaus"]
[Date "2013.04.28"]
[Round "2"]
[White "De Oliveira Freitas, Reinier Alex"]
[Black "Silva, Miguel Zadorosny"]
[Result "1-0"]
[WhiteElo "1881"]
[BlackElo "1781"]
[PlyCount "39"]
[EventDate "2013.04.27"]
[EventType "swiss"]
[EventRounds "9"]
[EventCountry "BRA"]
[SourceTitle "CBM 154 Extra"]
[Source "ChessBase"]
[SourceDate "2013.06.25"]
[SourceVersion "2"]
[SourceVersionDate "2013.06.25"]
[SourceQuality "1"]

1. e4 e5 2. Nf3 Nc6 3. Bc4 Bc5 4. c3 Nf6 5. d4 exd4 6. e5 Ng4 7. cxd4 Bb4+ 8. Nc3 0-0 9. h3 Bxc3+ 10. bxc3 d5 11. Bd3 f6 12. hxg4 Bxg4 13. Bxh7+ Kf7 14. Bg6+ Kxg6 15. Nh4+ Kf7 16. Qxg4 g5 17. e6+ Kg7 18. Nf5+ Kg8 19. Qh5 Qe7 20. Qh8# 1-0